| 000 | 00647nam a2200253 a 4500 | ||
|---|---|---|---|
| 001 | nice12345678 | ||
| 003 | IN_TiNIC | ||
| 005 | 20260116011524.0 | ||
| 008 | 050524s1910 lona grp 000 0 eng | ||
| 020 |
_a _c100 |
||
| 082 | 0 | 0 |
_a232.901 _bSMI |
| 100 | _aSmith, David | ||
| 245 |
_aDays of His Flesh _b Earthly Life of Our Lord and Saviour Jesus Christ |
||
| 260 |
_aLondon _bHodder & Stoughton _c1910 |
||
| 300 | _a549p | ||
| 500 | _aincludes index and biblioraphy | ||
| 505 | 2 | _aIndex | |
| 650 | _aJesus Christ | ||
| 650 | _aJesus Christ-Biography | ||
| 700 | 1 | _aSmith, David | |
| 902 | _bRBA | ||
| 942 | _cBK | ||
| 999 |
_c2277 _d2277 |
||